Richest Youtubers in the world - Statistics

General Stats
  • This quiz has been taken 24 times
  • The average score is 2 of 20
Answer Stats
Net Worth($) Answer % Correct
15.0 million Pewdiepie
100%
5.5 million Markiplier
23%
7.5 million LillySingh
14%
11.8 million Smosh
14%
3.2 million Jenna Marbles
9%
7.2 million Zoella
9%
5.0 million Good Mythical Morning
5%
5.4 million HolaSoyGerman
5%
5.0 million Miranda Sings
5%
8.0 million RomanAtwoodBarelyVlogs
5%
6.2 million Tyler Oakley
5%
6.5 million BluCollection
0%
2.8 million Captain Sparklez
0%
13.0 million DisneyCollectorBR
0%
50.0 million Michelle Phan
0%
6.1 million Nerdy Nummies
0%
4.0 million Ray William Johnson
0%
5.0 million The Grace Helbig Show
0%
6.0 million The Yogscast
0%
6.2 million TobyGames
0%
No matching quizzes found
Score Distribution
Percent of People with Each Score
Percentile by Number Answered
Your Score History
You have not taken this quiz